00484nam a2200193 a 4500001001300000003000900013005001700022008004100039020001000080082001600090100002200106245002000128260003400148300000900182500003500191505001300226650002900239700002200268nice12345678IN_TiNIC20260116012518.0050524s1944 laha grp 000 0 urd  ac10000a922.97bSHU aShurish, Kashmiri aKhutabat-E-Azad aLahorebMaktaba Shahkarc1944 a354p aincludes index and biblioraphy2 aAppendix aAbul Kalam Azad-Speeches1 aShurish, Kashmiri